000 00941nam a2200337Ia 4500
005 20260514124428.0
008 008 261405s9999 xx 000 0 eng d
037 _aThesis
040 _aCRL
040 _beng
040 _cCRL
041 _2eng
041 _aeng
084 _qCRL
100 _aDas Dr.Sashmita
_91239982
245 0 _aRandomised Controlled Trial to Compare the Effect of Ramosetron and Ondansetron in Pevention of Postoperative Nausea and Vomiting in Patients Undergoing Laparoscopic Gynaecological Procedures.
260 _aDelhi
260 _bUniversity of Delhi
260 _c2015
300 _a74p.
502 _bPh.D.
502 _cUniversity of Delhi
502 _d2015
541 _oThesis
650 _aAnesthesiology
_91239977
700 _aDr.Ajai Kumar
_91239956
700 _aDr.Anshu Gupta
_91239983
710 _aAnesthesiology
942 _cTH
999 _c1851876
_d1851876